The Jerusalem report

Bibliographic Details
Format: Electronic Journal
Language:English
Published: Jerusalem, Israel : Jerusalem Report Publications Ltd., 1990-
Subjects:
Online Access:Full text available from Research Library: 10/01/1990 to present

MARC

LEADER 00000nas a2200000 a 4500
001 ssj0005025
003 WaSeSS
005 20200512172242.0
006 m d
007 cr n
008 910716c19909999is er p s 0 a0eng c
010 |a  91640884  
016 7 |a 010482610  |2 Uk 
022 |l 0792-6049  |y 0792-6049 
032 |a 006871  |b USPS 
035 |a (WaSeSS)ssj0005025 
037 |b Jerusalem Report, PO Box 2513, Birmingham, AL 35282-9439 
040 |a CLU  |b eng  |c CLU  |d NSD  |d DLC  |d NSD  |d NST  |d DLC  |d COO  |d HUL  |d NSD  |d NST  |d EYM  |d NYP  |d SYS  |d OCLCQ  |d ORZ  |d LVB  |d OCLCQ  |d UKMGB  |d OCLCQ  |d CUI  |d OCLCF  |d OCLCO  |d OCLCQ  |d TYC  |d OCLCA  |d PAU  |d OCLCQ  |d ZQP  |d OCLCO  |d OCLCQ  |d IUL  |d WaSeSS 
042 |a pcc  |a nsdp 
043 |a a-is--- 
050 0 0 |a DS101  |b .J3525 
060 4 |a 015010574 
082 0 0 |a 909/.04924  |2 20 
210 0 |a Jerus. rep. 
222 4 |a The Jerusalem report 
245 0 4 |a The Jerusalem report  |h [electronic resource]. 
260 |a Jerusalem, Israel :  |b Jerusalem Report Publications Ltd.,  |c 1990- 
310 |a Biweekly,  |b <May 21, 1992-> 
321 |a Weekly,  |b Oct. 1990- 
362 0 |a Vol. 1, no. 1 (Oct. 1990)- 
500 |a Title from cover. 
506 |a License restrictions may limit access. 
515 |a Issues for <May 21, 1992-> also called; <Nisan 20, 5752-> 
580 |a Also available on CD-ROM under title: The Jerusalem report five year CD-ROM. 
588 |a Latest issue consulted: Volume 24, no. 14 (Oct. 21, 2013). 
650 0 |a Jews  |v Periodicals. 
650 6 |a Juifs  |v Périodiques. 
650 7 |a Jews.  |2 fast  |0 (OCoLC)fst00983135 
651 0 |a Israel  |v Periodicals. 
651 0 |a Middle East  |v Periodicals. 
651 6 |a Israël  |v Périodiques. 
651 6 |a Moyen-Orient  |v Périodiques. 
651 7 |a Israel.  |2 fast  |0 (OCoLC)fst01204236 
651 7 |a Middle East.  |2 fast  |0 (OCoLC)fst01241586 
655 0 |a Electronic journals. 
776 1 |t Jerusalem report five year CD-ROM  |w (OCoLC)36584680 
850 |a CLU  |a CSt  |a DLC  |a MH  |a MiU  |a NIC  |a NN  |a NNC  |a NjP 
853 0 0 |8 1  |a v.  |b no.  |i (year)  |j (date) 
853 2 0 |8 2  |a v.  |b no.  |u 26  |v r  |i (year)  |j (month)  |k (day)  |w e 
856 4 0 |z Full text available from Research Library: 10/01/1990 to present  |u https://search.proquest.com/publication/33603 
863 4 1 |8 1  |a <1>  |b <44>  |i <1991>  |j <Aug. 15>  |x provisional 
863 4 1 |8 2.1  |a <16>  |b <20>  |i <2006>  |j <01>  |k <23>